Statistics for Name All MCU Superheros

Click here to take the quiz!

General Stats

  • This quiz has been taken 182 times
    (31 since last reset)
  • The average score is 52 of 93

Answer Stats

First AppearanceBioActor/ActressAnswer% Correct
Iron Man 2Female Assassin With A Terrible Past; Member Of The AvengersScarlett JohanssonBlack Widow/Natasha Romanoff
100%
Guardians Of The GalaxyTalking Tree Who Only Says Three Words; Member Of The Guardians Of The GalaxyVin DieselGroot
100%
Iron ManGenius, Billionaire, Playboy, Philanthropist With A Suit Of Armor; Member Of The AvengersRobert Downey Jr.Iron Man/Tony Stark
100%
ThorThe God Of Thunder Who Wields Mjolnir/Stormbreaker; Member Of The AvengersChris HemsworthThor
100%
Captain America: Civil WarKing Of Wakanda Who Has A Virbanium SuitChadewick BosemanBlack Panther/T'Challa
96%
Captain America:
The First Avenger
Super Soldier With Vibranium Shield; Member And Leader Of The AvengersChris EvansCaptain America/Steve Rogers
96%
Guardians Of The GalaxyFearsome "Destroyer"; Member Of The Guardians Of The GalaxyDave BautistaDrax The Destroyer
96%
Guardians Of The GalaxyDaughter Of Thanos; Member Of The Guardians Of The GalaxyZoe SaldañaGamora
96%
ThorMaster Archer; Member Of The AvengersJeremy RennerHawkeye/Clint Barton
96%
The Incredible HulkScientist Who Has MAJOR Anger Issues; Member Of The AvengersMark Ruffalo/Edward NortonHulk/Bruce Banner
96%
ThorGod Of MischiefTom HiddlestonLoki
96%
Iron ManDirector Of S.H.I.E.L.D.Samuel L. JacksonNick Fury
96%
Spider-Man: No Way HomeVersion Of Spider-Man From Another EarthTobey MagurieSpider-Man/Peter Parker
96%
Captain America: Civil WarTeenager With Spider-Like Abilities; Member Of The AvengersTom HollandSpider-Man/Peter Parker
96%
Spider-Man: No Way HomeVersion Of Spider-Man From Another EarthAndrew GarfieldSpider-Man/Peter Parker
96%
Guardians Of The Galaxy"Legendary Outlaw"; Member And Leader Of The Guardians Of The GalaxyChris PrattStar-Lord/Peter Quill
96%
Ant-ManFormer Thief Who Gained A Suit That Can Make Him Shrink Or Grow Size; Member Of The AvengersPaul RuddAnt-Man/Scott Lang
92%
Doctor StrangeNeurosurgeon Who Lost The Use Of His Hands And Became A Master Of The Mystic ArtsBenedict CumberbatchDoctor Strange/Stephen Strange
92%
Captain America:
The Winter Soldier
Former Pilot With A Wing Suit Who Would Eventually Become The 2nd Captain America; Member Of The AvengersAnthony MackieFalcon/Sam Wilson
92%
Avengers: Age Of UltronSokovian Woman Who Gained Telekinetic Powers From The Mind Stone; Member Of The AvengersElizabeth OlsenScarlet Witch/Wanda Maximoff
92%
Iron ManColonel Who Has His Own Suit; Member Of The AvengersDon Cheadle/Terrence HowardWar Machine/James Rhodes
92%
ThorGuardian Of The BifrostIdris ElbaHeimdall
88%
Avengers: Age Of UltronSokovian Man Who Gained Super Speed From The Mind Stone; Member Of The AvengersAaron Taylor-JohnsonQuicksilver/Pietro Maximoff
88%
Iron ManWife Of ^ Who Eventually Gets Her Own ArmorGwyneth PaltrowRescue/Pepper Potts
88%
Ant-ManDaughter Of Hank Pym Who Has Her Own Shrinking Suit That Allows Her To FlyEvangeline LillyThe Wasp/Hope Van Dyne
88%
Avengers: Age Of UltronAndroid Who Has An Infinity Stone In His Head; Member Of The AvengersPaul BettanyVision
88%
Captain America:
The First Avenger
^ Best Friend That HYDRA Brainwashed Into An AssassinSebastian StanWinter Soldier/Bucky Barnes
88%
Doctor StrangeFriend/Sidekick Of ^Benedict WongWong
88%
Captain MarvelAir Force Pilot Who Got Her Powers From Light-Speed Engine Explosion; Member Of The AvengersBrie LarsonCaptain Marvel/Carol Danvers
83%
Guardians Of The GalaxyDaughter Of Thanos; Member Of The Guardians Of The GalaxyKaren GillanNebula
83%
Spider-Man: No Way HomeLawyer From Hell's Kitchen Who Was Blinded As A ChildCharlie CoxDaredevil/Matt Murdock
79%
Guardians Of The Galaxy Vol. 2Empathic Half Sister Of Peter Quill; Member Of The Guardians Of The GalaxyPom KlememtieffMantis
79%
Guardians Of The GalaxyGun-Slinging, Talking Raccoon; Member Of The Guardians Of The GalaxyBradley CooperRocket Raccoon
79%
Shang-Chi And The
Legend Of The Ten Rings
Master Of Martial Arts And The Son Of The Leader Of The Ten RingsSimu LiuShang-Chi
79%
Thor: RagnarokFearsome Asgardian Warrior Who Becomes The "King" Of New AsgardTessa ThompsonValkyrie/Brunnhilde
79%
Iron ManS.H.I.E.L.D. Agent Who Brings The Avengers TogetherClark GreggAgent Coulson
71%
Thor: RagnarokKronan Warrior With A Very Calm And Comedic Approach To Almost EverythingTaika WaititiKorg
71%
ThorScientist Girlfriend Of ^; Eventually Wields MjolnirNatalie PortmanMighty Thor/Jane Foster
71%
She-Hulk: Attorney At LawBruce Banner's Lawyer Cousin Who Is Also A HulkTatiana MaslanyShe-Hulk/Jennifer Walters
71%
Moon KnightFormer CIA With Multiple Personalities Who Serves As The Avatar Of KhonshuOscar IsaacMoon Knight/Marc Spector
67%
Ms. MarvelAvengers Fan Girl Who Gets Her Powers From A Magical BangleIman VellaniMs. Marvel/Kamala Khan
67%
Guardians Of The GalaxyFormer Leader Of The Ravagers With A Yaka Arrow; Member Of The Guardians Of The GalaxyMichael RookerYondu
67%
ThorMost Fearsome Female Warrior In AsgardJamie AlexanderLady Sif
58%
The AvengersSecond In Command Of S.H.I.E.L.D.Cobie SmuldersMaria Hill
58%
Doctor StrangeFormer Sorcerer Supreme And Doctor Strange's TeacherTilda SwintonThe Ancient One/Yao
58%
Black WidowNatasha Romanoff's SisterFlorence PughYelena Belova
54%
EternalsEternal With Flight And Laser VisionRichard MaddenIkaris
50%
LokiFormer Member Of The TVA Who Specialized In Dangerous VariantsOwen WilsonMobius M. Mobius
50%
Black PantherSister Of T'Challa Who Eventually Becomes The New Black Panther After Her Brothers DeathLetitia WrightShuri
50%
Ant-ManDaughter Of Scott Lang Who Acquires Her Own Shrinking SuitKathryn Newton/Abby Ryder Fortson/Emma FuhrmannStinger/Cassie Lang
50%
Black PantherGeneral Of The Dora MilajeDanai GuriraOkoye
46%
Captain MarvelDaughter Of Maria Rambeau Who Got Superpowers From The Westview HexTeyonah ParrisPhoton/Monica Rambeau
46%
LokiFemale Variant Of LokiSophia Di MartinoSylvie
46%
Captain America:
The Winter Soldier
Former Agent Of S.H.I.E.L.D.; Now Known As The "Power Broker"Emily VanCampAgent 13/Sharon Carter
42%
Doctor Strange In
The Multiverse Of Madness
Female Child Who Can Travel Between UniversesXochitl GomezAmerica Chavez
42%
HawkeyeClint Barton's Protégé And Biggest FanHailee SteinfeldKate Bishop
42%
EternalsEternal Who Was Chosen To Become The New LeaderGemma ChanSersi
42%
EternalsEternal With Illusion PowersLia McHughSprite
42%
EternalsEternal Who Can Make Any Weapon And Has Mahd Wy'ryAngelina JolieThena
42%
Guardians Of The Galaxy Vol. 3The Ultimate Weapon Created By The Sovereign To Destroy The Guardians Of The Galaxy; Member Of The Guardians Of The GalaxyWill PoulterAdam Warlock
38%
Black Panther: Wakanda ForeverMIT Student Who Builds Her Own Armor That Rivals Tony Stark'sDominique ThorneIronheart/Riri Williams
38%
The Falcon And
The Winter Soldier
Soldier Who Was Chosen To Succeed Steve Rogers As Captain AmericaWyatt RussellU.S. Agent/John Walker
38%
EternalsLeader Of The Eternals With Healing PowersSalma HayekAjak
33%
Black PantherLeader Of The Jabari TribeWinston DukeM'Baku
33%
Thor: RagnarokInsect-Like Warrior Friend Of ^ Who Has Giant Blades For HandsCarly ReesMiek
33%
Black Panther: Wakanda ForeverRuler Of The Underwater Nation Of Talokan Who Is Known By Many As K'uk'ulkanTenoch HuertaNamor
33%
WandaVisionSon Of Wanda Maximoff And Vision Who Has Super SpeedJulian HilliardWiccan/Billy Maximoff
33%
EternalsEternal With Super StrengthDon LeeGilgamesh
29%
Guardians Of The Galaxy^'s Former Second-In-Command Who Inherited His Yaka Arrow; Member Of The Guardians Of The GalaxySean GunnKraglin Obfonteri
29%
Moon KnightBritish Gift Shop Employee Personality Of ^Oscar IsaacMr. Knight/Steven Grant
29%
WandaVisionSon Of Wanda Maximoff And Vision Who Has Telekinetic PowersJett KlyneSpeed/Tommy Maximoff
29%
The Guardians Of The Galaxy Holiday SpecialTalking Russian Dog With Telekinetic Powers; Member Of The Guardians Of The GalaxyMaria BakalovaCosmo The Spacedog
25%
Black WidowNatasha Romanoff's FatherDavid HarbourRed Guardian/Alexei Shostakov
25%
EternalsEternal With Mind ControlBarry KeoghanDruig
21%
EternalsEternal With Finger Guns And Is A Bollywood StarKumail NanjianiKingo
21%
Black PantherT'Challa's LoverLupita Nyong'oNakia
21%
ThorMember Of The Warriors ThreeJosh Dallas/Zachary LeviFandral
17%
EternalsEternal Who Is Deaf And Has Super SpeedLauren RidloffMakkari
17%
EternalsEternal That Is A TechnopathBrian Tyree HenryPhastos
17%
ThorMember Of The Warriors ThreeRay StevensonVolstagg
17%
Werewolf By NightMan Who Turns Into A WerewolfGael García BernalWerewolf By Night/Jack Russell
17%
ThorMember Of The Warriors ThreeTadanobu AsanoHogun
13%
Moon Knight^'s Wife Who Became The Avatar Of TaweretMay CalamawyScarlet Scarab/Layla El-Faouly
13%
She-Hulk: Attorney At LawHulk's SonWil DeusnerSkaar
13%
The Falcon And
The Winter Soldier
Best Friend/Sidekick Of ^Clé BennettBattlestar/Lemar Hoskins
8%
Secret InvasionDaughter Of Talos Who Betrayed Gravik And Became A Super Powered SkrullEmilia ClarkeG'iah
8%
Moon KnightSuper Violent Cab Driver Personality Of ^Oscar IsaacJake Lockley
8%
Black WidowNatasha Romanoff's MotherRachel WeiszMelina Vostokoff
8%
Shang-Chi And The
Legend Of The Ten Rings
Best Friend/Love Interest Of ^AwkwafinaKaty Chen
4%
The MarvelsThe Charismatic Prince Of The Planet Aladna Who Is Danvers's HusbandPark Seo-joonPrince Yan
4%
Ms. MarvelWarrior Who Is A Member Of The Red Dagger Vigilante GroupAramis KnightRed Dagger/Kareem
4%
Guardians Of The Galaxy Vol. 3^'s Pet F'saki; Member Of The Guardians Of The GalaxyDee Bradley BakerBlurp
0%
Guardians Of The Galaxy Vol. 3Child Who Was Experimented On By The High Evolutionary And Gained Cosmic Powers; Member Of The Guardians Of The GalaxyKai ZenPhyla-Vell
0%

Score Distribution

Percentile by Number Answered

Percent of People with Each Score

Your Score History

You have not taken this quiz since the last reset